| 000 | 00493nam a2200169 a 4500 | ||
|---|---|---|---|
| 003 | DO-SdBNP | ||
| 005 | 20220701115536.0 | ||
| 007 | ta | ||
| 008 | 090917s2005 000 spa d | ||
| 020 | _a1881715337 | ||
| 040 |
_aDO-SdBNP _bspa _cBNPHU |
||
| 082 | 4 | _222 | |
| 100 | 1 |
_4Rosa Vélez, Ángel Luis, _d1950- _981932 |
|
| 245 | 1 | 3 |
_aLa mosca en la botella : _blos cuentos de Borges y Cortázar / _cÁngel Luis Rosa Vélez |
| 260 |
_aSanto Domingo : _bIsla Negra, _c2005. |
||
| 942 |
_2ddc _cLBS1 |
||
| 999 |
_c8298 _d8298 |
||